000 00407nam a2200169Ia 4500
008 100315s9999 xx 000 0 und d
040 _cENGLISH 
082 _b1052 
100 _a"Albert,Allen "
245 _aBluff Your Accountancy
260 _c
365 _eRupees 
_d
_b0.00 
366 _f
630 _aBluff Your Accountancy
730 _aBluff Your Accountancy
942 _cBOOK
999 _c475787
_d475784